LEADER 01403cam2-2200349---450 001 990002371980203316 005 20210324105557.0 035 $a000237198 035 $aUSA01000237198 035 $a(ALEPH)000237198USA01 035 $a000237198 100 $a20050120d1957----km-y0itay50------ba 101 0 $aita 102 $aIT 105 $ay|||||||001yy 200 1 $a2. serie, vol. 5 <> partito popolare italiano. Vol. 3, Pensiero antifascista (parte I e parte II) (1924-1925)$a<> libertà in Italia (discorso tenuto a Parigi) (1925)$aScritti critici e bibliografici (1923-1926)$fLuigi Sturzo 205 $a1. ed italiana riveduta 210 $aBologna$cZanichelli$d1957 215 $a388 p.$d24 cm 461 0$1001000195802$12001$aOpera omnia di Luigi Sturzo 462 0$1001000195864$12001$a<<2. serie:>> Saggi, discorsi, articoli 700 1$aSTURZO,$bLuigi$05694 801 0$aIT$bsalbc$gISBD 912 $a990002371980203316 951 $aX.3.A. 1775 2.5(III E 340/2 V)$b13446 L.M.$cX.3.$d356697 951 $aX.3.A. 1775 2.5a(Coll. JV 5/III)$b17173 E.C.$cX.3.$d356829 959 $aBK 969 $aUMA 996 $aScritti critici e bibliografici (1923-1926$91063620 996 $aLibertà in Italia (discorso tenuto a Parigi) (1925$91063619 996 $aPartito popolare italiano. Vol. 3, Pensiero antifascista (parte I e parte II) (1924-1925$91063618 997 $aUNISA